Statistics for History by Letter - E

Click here to take the quiz!

General Stats

  • This quiz has been taken 50,519 times
    (50,409 since last reset)
  • The average score is 14 of 22

Answer Stats

Hint Answer % Correct
Scientist famous for relativityAlbert Einstein
99%
Cleopatra's countryEgypt
99%
Virgin queen of EnglandElizabeth
94%
Lightbulb inventorThomas Edison
93%
Currency introduced in 1999Euro
90%
Famous equation of the aboveE = mc2
89%
World's tallest structure in 1900Eiffel Tower
78%
Country formerly known as AbyssiniaEthiopia
76%
Aviatrix who disappeared in 1937Amelia Earhart
74%
Anglo-Saxon king called
"The Confessor"
Edward
74%
Important Mesopotamian riverEuphrates
70%
His campaign slogan was "I Like Ike"Dwight Eisenhower
67%
German cipher machine of WWIIEnigma
61%
Island to which Napoleon was exiledElba
54%
English school on whose playfields
Waterloo was won
Eton College
54%
Canal that connected the Atlantic
to the Great Lakes in 1825
Erie Canal
53%
Greek "Father of Geometry"Euclid
47%
Former name of TokyoEdo
46%
Enlightened hometown of
Adam Smith and David Hume
Edinburgh
37%
Ancient Tuscan civilizationEtruscan
35%
Nordic explorer who founded VinlandLeif Erikson
35%
Athenian author of "Medea"Euripides
22%

Score Distribution

Percentile by Number Answered

Percent of People with Each Score

Your Score History

You have not taken this quiz since the last reset